Pays en rébus #1 - Statistiques

Statistiques générales
  • Ce quiz a été pris 115 981 fois
  • Le résultat moyen est 7 sur 10
Réponses sur la Carte
Les réponses sont colorées sur une échelle allant du rouge au vert en fonction du pourcentage des utilisateurs qui les ont devinées à leur premier essai. Vous pouvez retrouver ces pourcentages ci-dessous.
 
Statistiques - réponses
Rébus Pays % Correct
1 Liban
100%
2 Philippines
84%
6 Somalie
81%
9 Syrie
77%
3 Croatie
76%
10 Népal
69%
5 Sénégal
66%
7 Palaos
59%
4 Haiti
51%
8 Mauritanie
47%
Aucun quiz correspondant
Distribution des résultats
% des personnes avec chaque résultat
Percentile par nombre de réponses
Votre historique - résultats
Vous n’avez pas pris ce quiz